| 000 | 01020nam0a2200325 4500 | ||
|---|---|---|---|
| 001 | RU\NLR\bibl\445278 | ||
| 005 | 20250623180149.0 | ||
| 010 |
_a5-8189-0254-4 _95000 |
||
| 021 |
_aRU _b2003-46813 _92253 |
||
| 035 | _a(NLR Aleph) 000438970 | ||
| 090 |
_a801966 _c801966 |
||
| 100 | _a20031009d2003 |||y0rusy50 ca | ||
| 101 | 0 | _arus | |
| 102 | _aRU | ||
| 105 | _aa ||||||||| | ||
| 200 | 1 |
_aСнайперская стрельба _fМарио Секулич |
|
| 210 |
_aМ. _cGeleos _d2003 |
||
| 215 |
_a398, [1] с. _cил. _d22 |
||
| 225 | 1 | _aЗнай то, чем владеешь | |
| 320 | _aБиблиогр.: с. 398 (22 назв.) | ||
| 606 | 0 |
_aСнайперская стрельба _92246250 _3RU\NLR\auth\661347581 |
|
| 686 | _aЦ521.211-91 | ||
| 700 | 1 |
_aСекулич _bМ. Н. _gМарио Николаевич _4070 |
|
| 801 | 0 |
_aRU _bNLR _c20031009 _gPSBO |
|
| 801 | 1 |
_aRU _bNLR _c20031009 |
|
| 830 | _aАвт. по кн. | ||
| 942 | _cBOOK | ||
| 980 | _aNB | ||